000 00347nam a2200145Ia 4500
008 221030s9999 xx 000 0 und d
041 _aEnglish
082 _a105.23
100 _aC. R.wylie
245 0 _aAdvanced Engineering Mathematics
_cby C. R.wylie , L. C. Barrett
260 _c0
650 _aB
700 _aL. C. Barrett
942 _cBK
999 _c11040
_d11040